[Event "25th Czech Rapid G1 2014"]
[Site "Pardubice CZE"]
[Date "2014.07.17"]
[Round "4.14"]
[White "Belyakov, Bogdan"]
[Black "Klukin, Kirill"]
[Result "0-1"]
[WhiteTitle "IM"]
[WhiteElo "2456"]
[BlackElo "2067"]
[WhiteFideId "24104795"]
[BlackFideId "24199273"]
[EventDate "2014.07.16"]

1. e4 c5 2. c3 Nf6 3. e5 Nd5 4. Nf3 Nc6 5. Bc4 Nb6 6. Bb3 d5 7. exd6 Qxd6 8. O-O
c4 9. Bc2 Bg4 10. h3 Bh5 11. Re1 e6 12. b3 Be7 13. Na3 cxb3 14. axb3 O-O 15. d4
Rfd8 16. Nc4 Nxc4 17. bxc4 Rac8 18. Be4 Bg6 19. Bxg6 hxg6 20. Qe2 Qc7 21. Bg5
Bxg5 22. Nxg5 Qf4 23. Ne4 b6 24. c5 bxc5 25. Nxc5 Qc7 26. Ra6 e5 27. dxe5 Nb8
28. e6 Nxa6 29. Nxa6 Qe7 30. exf7+ Qxf7 31. Qb2 Re8 32. Rc1 Qc4 33. Nb4 a5 34.
Nc2 Qxc3 35. Qa2+ Qc4 36. Qxa5 Re2 37. Rd1 Rxc2 38. Qd5+ Qxd5 39. Rxd5 Re2 40.
Rg5 Kf7 41. f3 Kf6 42. Rg4 Rc5 43. h4 g5 44. h5 Re1+ 45. Kh2 Rcc1 46. Ra4 Rh1+
47. Kg3 Rxh5 48. Ra6+ Kf7 49. Kg4 Rh2 50. Ra7+ Kg8 51. Ra2 Rc5 52. Rb2 Rh4+ 53.
Kg3 Rd4 54. Ra2 Rcc4 55. Ra3 g4 56. Rb3 gxf3 57. gxf3 Rd5 58. Ra3 Rdc5 59. Rb3
Rc3 60. Rb8+ Kh7 61. Rf8 Kg6 62. Kg4 R3c4+ 63. f4 Rc8 64. Rf5 R4c5 65. Rxc5 Rxc5 0-1

[Event "25th Czech Rapid G1 2014"]
[Site "Pardubice CZE"]
[Date "2014.07.17"]
[Round "4.15"]
[White "Jansa, Vlastimil"]
[Black "Nun, Jiri"]
[Result "1-0"]
[WhiteTitle "GM"]
[BlackTitle "IM"]
[WhiteElo "2453"]
[BlackElo "2351"]
[WhiteFideId "300128"]
[BlackFideId "300179"]
[EventDate "2014.07.16"]

1. e4 c5 2. Nf3 Nc6 3. Bb5 Na5 4. d4 a6 5. Bd3 c4 6. Be2 b5 7. O-O Bb7 8. Nbd2
d5 9. e5 e6 10. Re1 Ne7 11. Nf1 Nf5 12. g4 Ne7 13. Ng3 Nac6 14. h3 Qb6 15. Be3
g6 16. Qd2 h6 17. c3 a5 18. b3 Ba6 19. bxc4 bxc4 20. Rab1 Qc7 21. Rb2 Nc8 22.
Nh2 Nb6 23. f4 Bc8 24. Rf1 Rb8 25. Bd1 Bg7 26. f5 g5 27. Nh5 Rg8 28. Qf2 Bh8 29.
Bc2 Rf8 30. h4 gxh4 31. Bxh6 Rg8 32. Qxh4 exf5 33. Kh1 Qe7 34. Nf6+ Bxf6 35.
exf6 Qa3 36. Qe1+ Kd8 37. Rb5 Qd6 38. Bf4 Qxf6 39. Bxb8 Nxb8 40. Bxf5 Qc6 41.
Rc5 Qd6 42. Bxc8 Nxc8 43. Rxf7 Nd7 44. Qh4+ Ne7 45. Rxe7 1-0

[Event "25th Czech Rapid G1 2014"]
[Site "Pardubice CZE"]
[Date "2014.07.17"]
[Round "4.16"]
[White "Mudrak, Josef"]
[Black "Potapov, Alexander1"]
[Result "0-1"]
[WhiteTitle "FM"]
[BlackTitle "GM"]
[WhiteElo "2350"]
[BlackElo "2399"]
[WhiteFideId "301116"]
[BlackFideId "4115074"]
[EventDate "2014.07.16"]

1. d4 f5 2. h3 d5 3. g4 Nc6 4. g5 e5 5. dxe5 Nxe5 6. Bg2 c6 7. Nf3 Nxf3+ 8. Bxf3
Bd6 9. Qd4 Qe7 10. Bh5+ Kf8 11. Bf4 h6 12. gxh6 Bxf4 13. Qxf4 Rxh6 14. Bf3 Rh4
15. Qd2 Nf6 16. Nc3 d4 17. Qg5 Rh6 18. Nd1 Ne4 19. Qxe7+ Kxe7 20. c3 Ng5 21. Bg2
Ne6 22. cxd4 Nxd4 23. Rc1 f4 24. Rc4 Rd6 25. e3 fxe3 26. fxe3 Nf5 27. O-O Be6
28. Rb4 b6 29. b3 Rad8 30. Bf3 g5 31. Bg4 Ng3 32. Re1 Bxg4 33. Rxg4 Rxd1 34.
Rxd1 Rxd1+ 35. Kf2 Nf5 36. Rxg5 Kf6 37. Rg8 Rd2+ 38. Kf3 Rxa2 39. Rf8+ Kg6 40.
e4 Nd4+ 41. Ke3 Nxb3 0-1

[Event "25th Czech Rapid G1 2014"]
[Site "Pardubice CZE"]
[Date "2014.07.17"]
[Round "4.17"]
[White "Biolek, Richard Jr."]
[Black "Golubov, Saveliy"]
[Result "1/2-1/2"]
[WhiteTitle "IM"]
[WhiteElo "2429"]
[BlackElo "2339"]
[WhiteFideId "319996"]
[BlackFideId "24176729"]
[EventDate "2014.07.16"]

1. d4 Nf6 2. c4 e6 3. Nc3 Bb4 4. f3 d5 5. a3 Bxc3+ 6. bxc3 c5 7. cxd5 Nxd5 8.
dxc5 Qa5 9. e4 Ne7 10. Be3 Nd7 11. Qb3 O-O 12. Bb5 Ne5 13. Rd1 a6 14. Ba4 Rd8
15. Rxd8+ Qxd8 16. Qd1 Qxd1+ 17. Bxd1 Bd7 18. Be2 Bb5 19. f4 Nd3+ 20. Bxd3 Bxd3
21. e5 Nd5 22. Kd2 Be4 23. Nf3 Bxf3 24. gxf3 Rd8 25. Bd4 g6 26. Rb1 Rd7 27. f5
gxf5 28. Kd3 Ne7 29. Kc4 Nc6 30. f4 Ne7 31. Rb6 Nd5 32. Rd6 Rc7 33. Kb3 Kg7 34.
Ka4 Nxf4 35. Ka5 Re7 36. c6 bxc6 37. Rxc6 Ne2 38. Bc5 Rd7 39. Bd6 f4 40. Rb6 Kg6
41. c4 f3 42. Rb1 Kf5 43. c5 Nd4 44. Kb6 f6 45. c6 Rd8 46. c7 Rg8 47. exf6 Kxf6
48. Kb7 Nb5 49. Bg3 e5 50. Rf1 Rg7 51. Rxf3+ Ke6 52. Kxa6 Nxc7+ 53. Kb6 Nd5+ 54.
Kc5 Rc7+ 55. Kb5 Rb7+ 56. Kc6 Rc7+ 57. Kb5 Nc3+ 58. Kb6 Nd5+ 59. Kb5 Rb7+ 60.
Kc6 Rb1 61. Rf8 Rc1+ 62. Kb5 Rb1+ 63. Kc5 Rc1+ 64. Kb5 Rb1+ 65. Kc5 Rc1+ 1/2-1/2

[Event "25th Czech Rapid G1 2014"]
[Site "Pardubice CZE"]
[Date "2014.07.17"]
[Round "4.18"]
[White "Raudive, Aivars"]
[Black "Freisler, Pavel"]
[Result "0-1"]
[WhiteTitle "FM"]
[BlackTitle "IM"]
[WhiteElo "2288"]
[BlackElo "2301"]
[WhiteFideId "11601060"]
[BlackFideId "301477"]
[EventDate "2014.07.16"]

1. e4 Nf6 2. e5 Nd5 3. c4 Nb6 4. d4 d6 5. f4 dxe5 6. fxe5 Nc6 7. Be3 Bf5 8. Nc3
e6 9. Nf3 Qd7 10. Qd2 O-O-O 11. Be2 f6 12. exf6 gxf6 13. O-O Rg8 14. Rad1 Qg7
15. Rf2 Bg4 16. b3 Ne5 17. Qb2 Nxf3+ 18. Bxf3 f5 19. Qe2 Bb4 20. Bxg4 fxg4 21.
Ne4 Qg6 22. Bg5 Rdf8 23. Rdf1 Nd7 24. c5 Rf5 25. Bh4 0-1

[Event "25th Czech Rapid G1 2014"]
[Site "Pardubice CZE"]
[Date "2014.07.17"]
[Round "4.19"]
[White "Ageichenko, Genadi A"]
[Black "Shalimov, Valery"]
[Result "1/2-1/2"]
[WhiteTitle "IM"]
[BlackTitle "IM"]
[WhiteElo "2297"]
[BlackElo "2412"]
[WhiteFideId "4105222"]
[BlackFideId "14104881"]
[EventDate "2014.07.16"]

1. d4 Nf6 2. c4 e6 3. Nf3 d5 4. Nc3 c6 5. Qb3 Nbd7 6. Bg5 Be7 7. e3 O-O 8. Bd3
b6 9. O-O Bb7 10. Rfd1 c5 11. Ne5 cxd4 12. exd4 dxc4 13. Bxc4 Ne4 14. Bxe7 Qxe7
15. Nxd7 Qxd7 16. d5 Nxc3 17. bxc3 Bxd5 18. Bxd5 exd5 19. Rxd5 Qc6 20. Rad1 Rac8
21. Rd7 Rc7 22. R7d3 g6 23. h3 Re8 24. Qb4 Qc4 25. Rd8 Qe2 26. Qd4 Re7 27. Rd2
Qe1+ 28. Kh2 Rxd8 29. Qxd8+ Kg7 30. Qd4+ Qe5+ 31. f4 Qxd4 32. cxd4 Kf6 33. d5
Rd7 34. Kg3 Ke7 35. Kf3 Kd6 36. Ke4 Rc7 37. Kd4 Rc5 38. Ke4 Rc4+ 39. Ke3 f5 40.
g4 Ra4 41. gxf5 gxf5 42. h4 Ra5 43. h5 Rxd5 44. Rg2 Ke6 45. Rg7 Rd7 46. Rg8 Kf7
47. Rc8 Ke6 48. Re8+ Kf6 49. Rc8 Ke6 50. Rc6+ Kd5 51. Rf6 Kc4 52. Rxf5 Re7+ 53.
Kf3 b5 54. Rf8 b4 55. f5 a5 56. f6 Rc7 57. Ra8 Rf7 58. Rxa5 Rxf6+ 59. Kg4 h6 60.
Ra7 Kc3 61. Ra8 Rf2 62. Ra6 Rg2+ 63. Kh3 Rb2 64. Rc6+ Kd4 65. Rxh6 Rxa2 66. Rb6 1/2-1/2

[Event "25th Czech Rapid G1 2014"]
[Site "Pardubice CZE"]
[Date "2014.07.17"]
[Round "4.20"]
[White "Zpevak, Pavel"]
[Black "Villegas, Pierre"]
[Result "1-0"]
[WhiteTitle "IM"]
[BlackTitle "FM"]
[WhiteElo "2362"]
[BlackElo "2291"]
[WhiteFideId "300586"]
[BlackFideId "654183"]
[EventDate "2014.07.16"]

1. d4 Nf6 2. Nf3 g6 3. c4 Bg7 4. Nc3 d5 5. cxd5 Nxd5 6. Bd2 O-O 7. Rc1 Nb6 8.
Bg5 c6 9. e3 Bg4 10. Be2 N8d7 11. O-O h6 12. Bh4 g5 13. Bg3 Bxf3 14. Bxf3 e5 15.
d5 cxd5 16. Nxd5 f5 17. Qb3 Kh8 18. Rfd1 Rc8 19. Rxc8 Qxc8 20. h4 g4 21. Be2
Nxd5 22. Qxd5 Nb6 23. Qd2 Qe6 24. Qb4 f4 25. Bh2 Qf6 26. exf4 exf4 27. Bxg4 Qxh4
28. Bf3 Qf6 29. b3 Qf7 30. Qe4 Nd7 31. b4 Ne5 32. Qxb7 Qxa2 33. Re1 Qf7 34. Qe4
Qf5 35. Qxf5 Nxf3+ 36. gxf3 Rxf5 37. Re8+ Kh7 38. Re7 Kg6 39. Rxa7 Bd4 40. Rd7
Be5 41. b5 Rf6 42. Rd5 Kf5 43. Rc5 Rb6 44. Kg2 Rg6+ 45. Kh3 Rg5 46. b6 Rh5+ 47.
Kg2 Rg5+ 48. Kf1 Rg7 49. Rb5 Rb7 50. Ke2 Ke6 51. Kd3 Rd7+ 52. Kc2 Rb7 53. Kd3
Rd7+ 54. Kc4 Rd4+ 55. Kc5 Rd2 56. Kc6 Rc2+ 57. Rc5 Rxf2 58. Bg1 Rb2 59. Rxe5+
Kxe5 60. b7 Rxb7 61. Kxb7 Kd5 62. Kc7 h5 63. Kd7 h4 64. Ke7 Kc4 65. Kf6 Kd3 66.
Kf5 Ke2 67. Kg4 h3 68. Bh2 1-0

[Event "25th Czech Rapid G1 2014"]
[Site "Pardubice CZE"]
[Date "2014.07.17"]
[Round "4.21"]
[White "Ekdyshman, Mikhail"]
[Black "Seidl, Stepan"]
[Result "1-0"]
[WhiteTitle "IM"]
[WhiteElo "2369"]
[BlackElo "2209"]
[WhiteFideId "4149416"]
[BlackFideId "338290"]
[EventDate "2014.07.16"]

1. e4 c5 2. Nf3 Nc6 3. d4 cxd4 4. Nxd4 g6 5. Nc3 Bg7 6. Be3 Nf6 7. Nxc6 bxc6 8.
e5 Ng8 9. Bd4 f6 10. f4 Qa5 11. Qd2 Rb8 12. Bc4 fxe5 13. fxe5 Bxe5 14. Qg5 d6
15. Bxe5 Qxe5+ 16. Qxe5 dxe5 17. O-O-O Nf6 18. Rhe1 Nd7 19. Be6 Rf8 20. Ne4 Nf6
21. Nc5 Rb5 22. b4 Rxc5 23. Bxc8 Rb5 24. a3 a5 25. c3 e4 26. Ba6 Rb6 27. Bc4
axb4 28. axb4 c5 29. bxc5 Rb8 30. Rd4 Rc8 31. c6 e6 32. Rd6 Rc7 33. Rxe6+ Kd8
34. Ba6 Re7 35. Rd1+ Ke8 36. Rxe7+ Kxe7 37. c7 1-0

[Event "25th Czech Rapid G1 2014"]
[Site "Pardubice CZE"]
[Date "2014.07.17"]
[Round "4.22"]
[White "Shevchenko, Kirill"]
[Black "Sergeyev, Alexander"]
[Result "0-1"]
[WhiteTitle "CM"]
[BlackTitle "FM"]
[WhiteElo "2100"]
[BlackElo "2389"]
[WhiteFideId "14129574"]
[BlackFideId "13702076"]
[EventDate "2014.07.16"]

1. e4 e5 2. Nf3 Nf6 3. Nxe5 d6 4. Nf3 Nxe4 5. Nc3 Nxc3 6. dxc3 Nd7 7. Be3 Be7 8.
Qd2 O-O 9. O-O-O Ne5 10. Nxe5 dxe5 11. Qxd8 Rxd8 12. Rxd8+ Bxd8 13. Bd3 Be6 14.
Rd1 f5 15. f3 Kf7 16. Bb5 c6 17. Ba4 Bb6 18. Bxb6 axb6 19. Bb3 Ke7 20. a3 Bxb3
21. cxb3 Rd8 22. Rxd8 Kxd8 23. Kd2 Kd7 24. Kd3 Ke6 25. a4 g5 26. b4 b5 27. b3 h5
28. c4 g4 29. Ke3 gxf3 30. Kxf3 h4 31. g3 hxg3 32. hxg3 Kf6 33. cxb5 cxb5 34.
axb5 b6 35. Ke3 Kg5 36. Kf3 Kh5 37. Kf2 Kg4 38. Kg2 e4 39. Kf2 Kh3 0-1

[Event "25th Czech Rapid G1 2014"]
[Site "Pardubice CZE"]
[Date "2014.07.17"]
[Round "4.23"]
[White "Pribyl, Josef"]
[Black "Petuchov, Sergej"]
[Result "1-0"]
[WhiteTitle "IM"]
[WhiteElo "2269"]
[BlackElo "2119"]
[WhiteFideId "300187"]
[BlackFideId "309567"]
[EventDate "2014.07.16"]

1. c4 e5 2. Nc3 Nf6 3. g3 Bb4 4. Bg2 c6 5. Qb3 Na6 6. a3 Qa5 7. Nf3 e4 8. Nd4
Bc5 9. Nc2 d5 10. cxd5 cxd5 11. Qb5+ Qxb5 12. Nxb5 Bd7 13. Nbd4 Nb8 14. b4 Bb6
15. Bb2 O-O 16. O-O Nc6 17. Rac1 Ne5 18. Ne3 Rfe8 19. h3 a6 20. Ndf5 Bxf5 21.
Nxf5 Nc4 22. Rc2 Nxb2 23. Rxb2 g6 24. Nd6 Re7 25. Rc1 Rd8 26. Nc8 Rc7 27. Rxc7
Bxc7 28. Ne7+ Kf8 29. Rc2 Rd7 30. Nc8 Ke8 31. b5 axb5 32. Na7 Bb6 33. Nxb5 d4
34. d3 Rd5 35. Nc7+ Bxc7 36. Rxc7 Ra5 37. dxe4 Re5 1-0

[Event "25th Czech Rapid G1 2014"]
[Site "Pardubice CZE"]
[Date "2014.07.17"]
[Round "4.24"]
[White "Setyaki, Azarya Jodi"]
[Black "Zubritskiy, Artyom"]
[Result "0-1"]
[WhiteTitle "CM"]
[WhiteElo "2231"]
[BlackElo "2335"]
[WhiteFideId "7101589"]
[BlackFideId "4181247"]
[EventDate "2014.07.16"]

1. e4 c5 2. Nf3 d6 3. d4 cxd4 4. Nxd4 Nf6 5. Nc3 a6 6. Be3 e6 7. f3 Qc7 8. Qd2
b5 9. g4 Bb7 10. g5 Nfd7 11. O-O-O Ne5 12. f4 Nc4 13. Bxc4 Qxc4 14. Qd3 Qxd3 15.
cxd3 Nd7 16. Kb1 g6 17. Nb3 Rc8 18. Na5 Ba8 19. a4 bxa4 20. Nxa4 Bg7 21. Rc1 Ke7
22. Rxc8 Rxc8 23. Rc1 Rxc1+ 24. Kxc1 h6 25. h4 f5 26. exf5 gxf5 27. b4 Nf8 28.
Kd2 Bf3 29. Bf2 Ng6 30. Ke3 Bd1 31. Nb6 Kd8 32. Kd2 Bf3 33. Ke3 Bg4 34. Nbc4 Kc7
35. d4 Ne7 36. Bg3 Nd5+ 37. Kd3 Nxb4+ 38. Kc3 Nd5+ 39. Kd3 Bf3 40. Nd2 Bd1 41.
Nac4 Ba4 42. Nb1 Bb5 43. Na3 Be8 44. Nd2 h5 45. Ndc4 Bc6 46. Nc2 Ba4 47. N2e3
Bb5 48. Nc2 Nb6 49. Na3 Nxc4 0-1

[Event "25th Czech Rapid G1 2014"]
[Site "Pardubice CZE"]
[Date "2014.07.17"]
[Round "4.25"]
[White "Jacko, Vladimir2"]
[Black "Rous, Daniel"]
[Result "1-0"]
[WhiteTitle "FM"]
[WhiteElo "2296"]
[BlackElo "2160"]
[WhiteFideId "14915928"]
[BlackFideId "338150"]
[EventDate "2014.07.16"]

1. c4 Nf6 2. Nc3 g6 3. e4 e5 4. Nf3 Nc6 5. g3 Bg7 6. Bg2 O-O 7. O-O d6 8. h3 Be6
9. d3 Ne8 10. Ng5 Bd7 11. f4 f6 12. Nf3 f5 13. Be3 Nf6 14. Qd2 Re8 15. exf5 exf4
16. Bxf4 Bxf5 17. g4 Bd7 18. Bg5 Qc8 19. Rae1 Rxe1 20. Nxe1 Ne8 21. Nc2 Be6 22.
Nd5 Qd7 23. d4 Rb8 24. Re1 b5 25. b3 bxc4 26. bxc4 a5 27. Kh1 Kh8 28. Bh6 Bg8
29. Bg5 Be6 30. Bh6 Bg8 31. Bxg7+ Kxg7 32. Qg5 h6 33. Qh4 Rb2 34. Nce3 Nxd4 35.
g5 h5 36. Qxd4+ 1-0

[Event "25th Czech Rapid G1 2014"]
[Site "Pardubice CZE"]
[Date "2014.07.17"]
[Round "4.26"]
[White "Rodionova, Polina"]
[Black "Kourousis, Epaminondas"]
[Result "0-1"]
[WhiteTitle "WFM"]
[WhiteElo "2138"]
[BlackElo "2364"]
[WhiteFideId "24102555"]
[BlackFideId "4211626"]
[EventDate "2014.07.16"]

1. e4 c6 2. Nc3 d5 3. Nf3 Bg4 4. h3 Bxf3 5. Qxf3 e6 6. d4 dxe4 7. Qxe4 Nf6 8.
Qd3 g6 9. g3 Bg7 10. Bg2 O-O 11. O-O a5 12. b3 Na6 13. a3 Nc7 14. Bb2 Nfd5 15.
Ne4 a4 16. c4 Ne7 17. b4 Nf5 18. Rfd1 Qe7 19. Nc5 b6 20. Ne4 Rfd8 21. Qf3 Nxd4
22. Bxd4 Bxd4 23. Nc3 Qf6 24. Qxf6 Bxf6 25. Rac1 Bxc3 26. Rxd8+ Rxd8 27. Rxc3
Rd1+ 28. Kh2 c5 29. bxc5 bxc5 30. Bc6 Rd2 31. Kg2 e5 32. Bxa4 Ne6 33. Bb5 Nd4
34. a4 Ra2 35. Re3 f6 36. g4 Kf7 37. Kg3 Ke6 38. Re1 f5 39. gxf5+ gxf5 40. Rb1
Ne2+ 41. Kf3 Nf4 42. Kg3 Ra3+ 43. f3 Ra2 44. Be8 Rg2+ 45. Kh4 Rh2 46. Rb6+ Ke7
47. Rb8 h6 48. Kg3 Rg2+ 49. Kh4 Rg5 0-1

[Event "25th Czech Rapid G1 2014"]
[Site "Pardubice CZE"]
[Date "2014.07.17"]
[Round "4.27"]
[White "Nguyen, Thai Dai Van"]
[Black "Petr, Martin"]
[Result "0-1"]
[WhiteTitle "CM"]
[BlackTitle "GM"]
[WhiteElo "2261"]
[BlackElo "2540"]
[WhiteFideId "358878"]
[BlackFideId "318299"]
[EventDate "2014.07.16"]

1. Nf3 Nf6 2. c4 e6 3. d4 d5 4. Bg5 Be7 5. Nc3 h6 6. Bh4 O-O 7. e3 b6 8. cxd5
exd5 9. Be2 Be6 10. O-O c5 11. Ne5 Ne4 12. Bxe7 Qxe7 13. Nxe4 dxe4 14. Qa4 Nd7
15. Nxd7 Bxd7 16. Qa3 Qg5 17. Rfd1 Bh3 18. g3 Rfc8 19. dxc5 Rxc5 20. Rac1 Rac8
21. b4 Rc2 22. Re1 Qf5 23. Rxc2 Rxc2 24. Qa6 Bg4 25. Qb5 Rxe2 0-1

[Event "25th Czech Rapid G1 2014"]
[Site "Pardubice CZE"]
[Date "2014.07.17"]
[Round "4.28"]
[White "Chernyshov, Konstantin"]
[Black "Soural, Jan"]
[Result "1-0"]
[WhiteTitle "GM"]
[WhiteElo "2508"]
[BlackElo "2234"]
[WhiteFideId "4117328"]
[BlackFideId "311928"]
[EventDate "2014.07.16"]

1. d4 Nf6 2. Bg5 c5 3. Bxf6 exf6 4. dxc5 Bxc5 5. e3 d5 6. c3 O-O 7. Nd2 Re8 8.
Nb3 Qb6 9. Nxc5 Qxc5 10. Be2 Nc6 11. Nf3 Bf5 12. O-O Rad8 13. Qd2 Ne5 14. Rfd1
h6 15. Qd4 Qa5 16. a4 Nc6 17. Qf4 d4 18. b4 Qd5 19. Nxd4 Nxd4 20. Rxd4 Qb3 21.
Qxf5 Qb2 22. Re1 1-0

[Event "25th Czech Rapid G1 2014"]
[Site "Pardubice CZE"]
[Date "2014.07.17"]
[Round "4.29"]
[White "Keilhack, Harald"]
[Black "Sergeev, Vladimir"]
[Result "0-1"]
[WhiteTitle "FM"]
[BlackTitle "GM"]
[WhiteElo "2250"]
[BlackElo "2447"]
[WhiteFideId "4601904"]
[BlackFideId "14101076"]
[EventDate "2014.07.16"]

1. Nf3 g6 2. d4 Bg7 3. c4 c5 4. e3 Nf6 5. Nc3 cxd4 6. exd4 d5 7. Be2 O-O 8. O-O
Nc6 9. Re1 dxc4 10. Bxc4 Na5 11. Bf1 Be6 12. Bg5 Bc4 13. Bxc4 Nxc4 14. Qb3 Nd6
15. Rad1 Rc8 16. Ne5 Rc7 17. h3 a6 18. Bf4 Qc8 19. a4 Qf5 20. Bh2 Nfe4 21. Nxe4
Nxe4 22. Ng4 Rd7 23. Qe3 Nf6 24. Ne5 Rdd8 25. Qb3 Ne4 26. Qe3 Nd6 27. Ng4 Rfe8
28. Nh6+ Bxh6 29. Qxh6 Ne4 30. Qe3 Nf6 31. Qb3 Qd5 32. Qb4 Qd7 33. Be5 Nd5 34.
Qb3 f6 35. Bg3 Kg7 36. Rc1 Rc8 37. Red1 Red8 38. a5 Qb5 39. Qxb5 axb5 40. Rc5 b4
41. Rdc1 Ra8 42. Rb5 Rd7 43. f3 Kf7 44. Be1 Nf4 45. Rc2 Nd3 46. Bxb4 Nxb4 47.
Rxb4 Rxa5 48. Rc5 Rxd4 49. Rxd4 Rxc5 50. Rb4 Rc7 51. Rb6 Ke8 52. Kf2 Kd7 53. Ke3
Kc8 54. h4 Rc6 55. Rb5 Rc2 56. g3 Kc7 57. Kf4 Rc6 58. Rb4 Rc5 59. Ke3 Kc6 60. f4
h5 61. Kf3 Rb5 62. Rc4+ Kd5 63. Rc2 Rb3+ 64. Kf2 Ke4 65. Re2+ Kf5 66. Rxe7 Rxb2+
67. Kf3 Rb3+ 68. Kf2 b5 69. Rb7 Kg4 70. Rb6 Rf3+ 71. Ke2 Kxg3 72. Rxf6 Rxf4 73.
Rxg6+ Kxh4 74. Ke3 Rf5 75. Rg8 Rg5 76. Rf8 Rg3+ 77. Kf2 Rg4 78. Rb8 Rg5 79. Rd8
Rf5+ 80. Kg2 Kg4 81. Rb8 Rd5 82. Rg8+ Kf4 83. Kf2 Re5 84. Rf8+ Rf5 85. Rb8 Ke4+
86. Ke2 Kd4 87. Kd2 Kc4 88. Kc2 Rf2+ 89. Kb1 h4 90. Re8 h3 91. Re4+ Kd5 0-1

[Event "25th Czech Rapid G1 2014"]
[Site "Pardubice CZE"]
[Date "2014.07.17"]
[Round "4.30"]
[White "Belousov, Gennadiy"]
[Black "Lalic, Bogdan"]
[Result "1/2-1/2"]
[BlackTitle "GM"]
[WhiteElo "2222"]
[BlackElo "2482"]
[WhiteFideId "24183342"]
[BlackFideId "409081"]
[EventDate "2014.07.16"]

1. d4 Nf6 2. Nf3 e6 3. g3 b5 4. Bg2 Bb7 5. O-O d5 6. a4 b4 7. Nbd2 Nbd7 8. c4
bxc3 9. bxc3 a5 10. Ne5 Nxe5 11. dxe5 Nd7 12. c4 c6 13. cxd5 cxd5 14. e4 Nxe5
15. exd5 Bxd5 16. Ne4 Be7 17. Qh5 Ng6 18. Rd1 Qc7 19. Ba3 Bxa3 20. Rxa3 Rd8 21.
Rad3 O-O 22. Ng5 h6 23. Bxd5 exd5 24. Nf3 Ne7 25. Nd4 Qc4 26. Re3 Rd7 27. Qh4
Qxa4 28. Rde1 Ng6 29. Qg4 Rc7 30. Qd1 Qxd1 31. Rxd1 Ra8 32. Nf5 a4 33. Ra3 Rc5
34. Rd4 Rca5 35. h4 Kf8 36. h5 Ne7 37. Ne3 f6 38. Rb4 R8a7 39. Kf1 Kf7 40. Ke2
Nc6 41. Rb6 Ne7 42. Kd3 d4 43. Kxd4 Rxh5 44. Nc4 Rd5+ 45. Ke4 Rd1 46. Rb4 Nc6
47. Rbxa4 Re7+ 48. Kf3 Nd4+ 49. Kg2 Ree1 50. Ne3 Rg1+ 51. Kh3 Rh1+ 52. Kg4 Rd2
53. Ra2 h5+ 54. Kf4 Ne6+ 55. Kf3 Rxa2 56. Rxa2 Rc1 57. Ra5 Kg6 58. Ng2 Rc3+ 59.
Ke2 Rc7 60. Nh4+ Kh6 61. Nf5+ Kh7 62. Ne3 Kg6 63. Kf3 Rb7 64. Ra4 Rb2 65. Ng2
Rb3+ 66. Ke2 f5 67. Nf4+ Nxf4+ 68. Rxf4 Kf6 69. Ra4 Rb6 70. Kf3 g5 71. Kg2 Kg6
72. Rc4 Re6 73. Ra4 Kf6 74. Rb4 Rd6 75. Ra4 g4 76. Ra8 Kg5 77. Rg8+ Rg6 78. Rh8
Rg7 79. Kh2 Rf7 80. Kg2 f4 81. gxf4+ Rxf4 82. Rg8+ Kh6 83. Rh8+ Kg6 84. Rg8+ Kh7
85. Ra8 h4 86. Ra6 Kg7 87. Rb6 Rf6 88. Rb4 Rg6 89. f3 h3+ 90. Kg3 gxf3+ 91. Kxf3
h2 92. Rh4 Rh6 93. Rxh6 Kxh6 94. Kg2 1/2-1/2

[Event "25th Czech Rapid G1 2014"]
[Site "Pardubice CZE"]
[Date "2014.07.17"]
[Round "4.31"]
[White "Venkatesh, M.R."]
[Black "Bibik, Jura"]
[Result "1-0"]
[WhiteTitle "GM"]
[BlackTitle "IM"]
[WhiteElo "2498"]
[BlackElo "2228"]
[WhiteFideId "5005779"]
[BlackFideId "4113071"]
[EventDate "2014.07.16"]

1. e4 e5 2. Nf3 Qe7 3. Nc3 c6 4. d4 d6 5. Bg5 Nf6 6. Be2 h6 7. Bh4 Nbd7 8. Qd2
g6 9. O-O-O Bg7 10. dxe5 dxe5 11. a4 O-O 12. Qd6 Qxd6 13. Rxd6 g5 14. Bg3 Re8
15. Rhd1 Bf8 16. R6d3 a5 17. Nd2 Nc5 18. Rf3 Kg7 19. Nc4 Bg4 20. Re3 Bxe2 21.
Rxe2 Nxa4 22. Nxa4 b5 23. Nab6 Ra6 24. Bxe5 bxc4 25. Nxc4 Kg6 26. f3 Bb4 27. Bd6
Re6 28. Re3 h5 29. Red3 h4 30. c3 Bxd6 31. Rxd6 a4 1-0

[Event "25th Czech Rapid G1 2014"]
[Site "Pardubice CZE"]
[Date "2014.07.17"]
[Round "4.32"]
[White "Bochkarev, Alexander"]
[Black "Yakimenko, Alexander A."]
[Result "1-0"]
[WhiteTitle "FM"]
[WhiteElo "2438"]
[BlackElo "2142"]
[WhiteFideId "4140230"]
[BlackFideId "24141917"]
[EventDate "2014.07.16"]

1. d4 e6 2. Nf3 Nf6 3. Bf4 c5 4. e3 Qb6 5. Na3 Qxb2 6. Nb5 Qb4+ 7. c3 Qa5 8.
Nc7+ Kd8 9. Nxa8 Nd5 10. Bxb8 Qxc3+ 11. Nd2 Nxe3 12. fxe3 Qxe3+ 13. Be2 d6 14.
dxc5 Bd7 15. Qb3 Qd4 16. Rd1 Be7 17. Bxd6 Bh4+ 18. Bg3 Kc8 19. Nf3 Bxg3+ 20.
hxg3 Qxc5 21. Qb2 Bc6 22. Qxg7 Re8 23. Qe5 Qb4+ 24. Kf2 Re7 25. Qb8+ 1-0

[Event "25th Czech Rapid G1 2014"]
[Site "Pardubice CZE"]
[Date "2014.07.17"]
[Round "4.33"]
[White "Wagener, Claude"]
[Black "Hnydiuk, Aleksander"]
[Result "0-1"]
[WhiteTitle "FM"]
[BlackTitle "IM"]
[WhiteElo "2259"]
[BlackElo "2375"]
[WhiteFideId "4000471"]
[BlackFideId "1109057"]
[EventDate "2014.07.16"]

1. e4 c5 2. Nf3 e6 3. Nc3 Nc6 4. d4 cxd4 5. Nxd4 a6 6. Be3 Nf6 7. Bd3 Qc7 8. O-O
b5 9. Qe2 Bb7 10. a4 b4 11. Nd1 Nxd4 12. Bxd4 e5 13. Be3 Nxe4 14. Bf4 d5 15. f3
exf4 16. fxe4 Bc5+ 17. Kh1 dxe4 18. Bxe4 O-O 19. Bxb7 Qxb7 20. Qc4 Bd6 21. Nf2
f3 22. g3 Rac8 23. Qe4 Qxe4 24. Nxe4 Be5 25. c3 bxc3 26. bxc3 Rc4 27. Ng5 Bxc3
28. Rac1 Rfc8 29. Rxf3 Bf6 0-1

[Event "25th Czech Rapid G1 2014"]
[Site "Pardubice CZE"]
[Date "2014.07.17"]
[Round "4.34"]
[White "Rjabzev, Konstantin"]
[Black "Musat, Adrian"]
[Result "0-1"]
[WhiteTitle "IM"]
[BlackTitle "FM"]
[WhiteElo "2308"]
[BlackElo "2401"]
[WhiteFideId "4150015"]
[BlackFideId "1203452"]
[EventDate "2014.07.16"]

1. e4 c5 2. Nf3 d6 3. c3 Nf6 4. h3 e6 5. Bd3 Be7 6. Bc2 O-O 7. O-O Nc6 8. d4
cxd4 9. cxd4 Nb4 10. Bb3 Nxe4 11. Qe1 d5 12. Nc3 Nxc3 13. bxc3 Nd3 14. Qe3 Nxc1
15. Raxc1 Bd7 16. Rfe1 Rc8 17. Bxd5 Ba3 18. Bxb7 Bxc1 19. Rxc1 Rc7 20. Be4 Bc6
21. c4 Bxe4 22. Qxe4 h6 23. Ne5 Qg5 24. Rc3 Qd2 25. Rg3 f5 26. Qh4 f4 27. Rd3
Qxa2 28. Kh2 Rxc4 29. Nxc4 Qxc4 30. Rd1 a5 31. Qh5 a4 32. d5 exd5 33. Rxd5 f3
34. gxf3 a3 35. Ra5 a2 36. Kg2 Kh7 37. Qe5 Rf6 38. f4 Rg6+ 39. Kf3 Qc6+ 0-1